000 00773nam a2200289Ia 4500
008 171025s9999 xx 000 0 und d
020 _a9781426202940
050 _a303.66
050 _bK816 2008
100 _aKolsbun, Ken
245 _aPeace :
245 _bthe biography of a symbol /
245 _cby Ken Kolsbun and Michael S. Sweeney.
260 _aWashington :
260 _bNational Geographic,
260 _c2008
300 _a175 pages :
300 _bcolored illustrations ;
300 _c21cm.
650 _aPeace movements --
650 _aPeace movements --
650 _aSigns and symbols --
650 _xHistory -- 20th century.
650 _xHistory -- 20th century.
650 _xHistory -- 21th century.
700 _aTitle.
999 _c344851
_d344851